טוען...

Crisis,absolutism,revolution: Europe 1648-1789

מידע ביבליוגרפי
מחבר ראשי: Birn, Raymond
פורמט: Printed Book
יצא לאור: Fort Worth, Harcourt 1992
נושאים:
LEADER 004570000a22001450004500
082 |a 940.2 N2 
100 |a Birn, Raymond  |f Author 
245 |a Crisis,absolutism,revolution: Europe 1648-1789 
260 |a Fort Worth, Harcourt 
260 |c 1992 
650 |a Europe-history 
650 |a History-Europe 
942 |c BK 
999 |c 140920  |d 140916 
952 |0 0  |1 0  |4 0  |6 940_200000000000000_N2  |7 0  |9 139703  |a SIRP  |b SIRP  |d 2017-10-05  |l 0  |o 940.2 N2  |p SIRP04708  |r 2017-10-05  |w 2017-10-05  |y BK